00450nam a2200193Ia 4500003000900000008004100009040001300050040001300063041000800076100001600084245005800100250001000158260002100168260000900189300001100198300001000209490003100219490000600250IT-RoPAU120407s9999 xx 000 0 und d aIT-RoPAU cIT-RoPAU aita aMax Thurian aIl mistero dell’eucarestia. Un approccio ecunemico. aRoma  aEdizioni Paoline c1982 a131 p. c18 cm a(Teologia in divenire, 9) v1